Cities of Monona County, Iowa - Statistics

General Stats
  • This quiz has been taken 2 times
  • The average score is 4 of 10
Answer Stats
Cities % Correct
1 Onawa
100%
7 Soldier
100%
2 Mapleton
50%
6 Moorhead
50%
9 Turin
50%
4 Ute
50%
5 Blencoe
0%
8 Castana
0%
10 Rodney
0%
3 Whiting
0%
No matching quizzes found
Score Distribution
Percent of People with Each Score
Percentile by Number Answered
Your Score History
You have not taken this quiz